000 02596cam a22006257i 4500
001 2724
003 FISKH
005 20250403085110.0
008 140723t20152013nyu d 000 1 eng d
010 _a 2014946656
020 _a9780062333575 (hardcover)
020 _a0062333577 (hardcover)
020 _a9780062333582 (paperback)
020 _a0062333585 (paperback)
035 _a(OCoLC)ocn900475810
040 _aCZA
_beng
_cCZA
_erda
_dCZA
_dKNJ
_dYDXCP
_dBTCTA
_dBDX
_dIK2
_dOCLCF
_dCLE
_dEHH
_dDLC
042 _alccopycat
050 0 0 _aPZ7.1.S594
_bGe 2015
082 0 4 _a823.92
_223
100 1 _aSmale, Holly,
_eauthor.
245 1 0 _aGeek girl /
_cHolly Smale.
250 _aFirst US edition.
264 1 _aNew York, NY :
_bHarperTeen,
_c2015.
264 4 _c2013
300 _a362, 7 pages ;
_c22 cm
336 _atext
_btxt
_2rdacontent
337 _aunmediated
_bn
_2rdamedia
338 _avolume
_bnc
_2rdacarrier
500 _aOriginally published in Great Britain in 2013 by HarperCollins Children's Books.
520 _aWhen she is accidentally discovered by a modeling agent, fifteen-year-old Harriet jumps at the chance to transform herself from a geek to a fashion model.
521 8 _aWhen she is accidentally discovered by a modeling agent, fifteen-year-old Harriet jumps at the chance to transform herself from a geek to a fashion model.
650 0 _aModels (Persons)
_vJuvenile fiction.
650 0 _aFashion
_vJuvenile fiction.
650 0 _aTeenage girls
_vJuvenile fiction.
650 0 _aAdjustment (Psychology)
_vJuvenile fiction.
650 0 _aPopularity
_vJuvenile fiction.
650 0 _aBeauty, Personal
_vJuvenile fiction.
650 0 _aSelf-confidence
_vJuvenile fiction.
650 1 _aModeling (Persons)
_vFiction.
650 1 _aFashion
_vFiction.
650 1 _aBest friends
_vFiction.
650 1 _aInterpersonal relations
_vFiction.
650 7 _aAdjustment (Psychology)
_2fast
_0(OCoLC)fst00796680
650 7 _aBeauty, Personal.
_2fast
_0(OCoLC)fst00829396
650 7 _aFashion.
_2fast
_0(OCoLC)fst00921600
650 7 _aModels (Persons)
_2fast
_0(OCoLC)fst01024387
650 7 _aPopularity.
_2fast
_0(OCoLC)fst01071475
650 7 _aSelf-confidence.
_2fast
_0(OCoLC)fst01111517
650 7 _aTeenage girls.
_2fast
_0(OCoLC)fst01145412
655 7 _aFiction.
_2fast
_0(OCoLC)fst01423787
655 7 _aJuvenile works.
_2fast
_0(OCoLC)fst01411637
906 _a7
_bcbc
_ccopycat
_d2
_eepcn
_f20
_gy-gencatlg
942 _2ddc
_cBK
_n0
999 _c2724
_d2724